Responses for Show #8595 - Friday, March 11, 2022

Maureen O'Neil game 5.

Contestants

[<< previous game]

Matt Glassman, a bar owner from Los Angeles, California

Laura Dera, a hotel assistant manager from Studio City, California

Maureen O'Neil, an executive assistant from Rye Beach, New Hampshire (whose 4-day cash winnings total $58,200)

[next game >>]

Jeopardy! Round responses

ARTISTS
BANK "C"
MUNCH
BOSH
HOPPER
SAYS ANN(E)
    $200 8
(Ken: He was exiled to Mexico; that's [*].)

Frida Kahlo

Triple Stumper
    $200 15
(Matt: What is a... certified deposit?)

a certificate of deposit

LauraMatt
    $200 11
hummus

Matt
    $200 21
shoes

Maureen
    $200 1
(Laura: What is Dracula?)

King Kong

MaureenLaura
    $400 20
(Maureen: What are lilies?)
(Ken: More specifically?)

water lilies

Maureen
    $400 16
a certified check

Laura
    $400 28
(Ken: Mmm, yes.)

rice cakes

Matt
    $400 29
[The end-of-round signal sounds.]

drivel

Laura
    $400 22
hopscotch

Matt
    $400 2
Anne Hathaway

Laura
    $600 19
Odysseus

Laura
    $600 14
compound interest

Triple Stumper
    $600 27
popcorn shrimp

Maureen
    $600 26
Turkish

Triple Stumper
    $600 25
(Ken: In the nick of time, the bar owner gets it. Less than a minute now.)

crème de menthe

Matt
    $600 3
(Laura: Who is Anne Boyleyn?)

Anne Boleyn

MaureenLaura
    $600 18
Rodin

Laura
    $800 9
the ceiling

Triple Stumper
    $800 6
raisins & peanuts

Laura
    $800 12
disinformation & misinformation

Triple Stumper
    $800 13
David Harbour

Laura
    $800 4
(Laura: Who is Anne Shirley? [*].)

Anne of Green Gables

Laura
    $1000 17
Botticelli

Triple Stumper
    $1000 10
(Laura: What is capital?)

collateral

MaureenLaura
    $1000 7
(Laura: What is Red Delicious?)

a Honey Crisp

Laura
Triple Stumper
    $1000 23
spurious

Matt
    $1000 24
a cottontail

Laura
    $1000 5
George Herbert Walker Bush

Matt

Scores at the first commercial break (after clue 15):

Maureen Laura Matt
$1,800 $200 $1,000

Scores at the end of the Jeopardy! Round:

Maureen Laura Matt
$3,000 $3,200 $3,400

Double Jeopardy! Round responses

17th CENTURY HAPPENINGS
AB-WORK
BRIT LIT
MUSIC OF THE 2000s
HERE BE LIONS
6-LETTER WORLD CAPITALS
    $400 23
(Maureen: What is the Mass Bay Colony?)
(Laura: What is Virginia?)
(Matt: What is Massachusetts?)
...
(Ken: With less than a minute to go in the round, Matt.)

Plymouth

MaureenLauraMatt
Triple Stumper
    $400 10
(Maureen: What is adobe?)

an abode

MaureenMatt
    $400 1
Elizabeth Barrett Browning

Maureen
    $400 25
Vampire Weekend

Matt
    $400 26
(Matt: What is London?)

Dublin

MaureenMatt
    $800 22
the Jesuits

Matt
    $800 9
ablaze

Triple Stumper
    $800 2
Beowulf

Laura
    $800 24
Usher

Matt
    $800 27
(Matt: What is Moscow?)
(Laura: What is
Kraków?)

Prague

LauraMatt
Triple Stumper
    $1200 12
Hispaniola

Matt
    $1200 8
abduct

Laura
    $1,000 3
(Laura: What is War of the Worlds?)

The Time Machine

Laura
    $1200 16
OneRepublic

Triple Stumper
    $1200 21
Solomon

Laura
    $2,500 18
(Matt: What is Zurich?)
(Ken: I'm sorry, no, Zurich's not the capital of Switzerland; this is [*], Croatia.)

Zagreb

Matt
    $1600 11
ballistics

Triple Stumper
    $1600 6
(Maureen: What is an abridgement?)
(Ken: No.)
(Maureen: What is [*]?)
...
(Ken: "Ridgement" not being a word, I couldn't give it to you, Maureen.)
(Laura: Thanks, Maureen.)

abridge

MaureenLaura
    $1600 7
the Mad Hatter

Laura
    $1600 14
Doja Cat

Triple Stumper
    $1600 20
(Ken: The story's "[*] and the Lion".)

Androcles

Triple Stumper
    $1600 17
Havana

Triple Stumper
    $2000 13
the East India Company

Matt
    $2000 5
aberrant

Triple Stumper
    $2000 4
(Maureen: Who is Moll Flanders?)

Tom Jones

Maureen
Triple Stumper
    $2000 15
Plant & Krauss

Matt
    $2000 28
[The end-of-round signal sounds.]

Normandy

Triple Stumper
    $2000 19
(Maureen: What is Addis Ababa?)
(Ken: No, I'm sorry.)
(Maureen: [Laughing] Oh, God!)

Asmara

Maureen
Triple Stumper

Scores at the end of the Double Jeopardy! Round:

Maureen Laura Matt
-$2,600 $7,400 $6,900

[wagering suggestions for these scores]

Final Jeopardy! Round responses

SYMBOLS
(Ken: [To Matt] Yes, that's the origin of the rainbow flag at a San Francisco Pride Parade.)
MattWho is Harvey Milk
$2,000
LauraWho is Truman?
$7,400
Harvey Milk

Final scores:

Maureen Laura Matt
-$2,600 $0 $8,900
3rd place: $1,000 2nd place: $2,000 New champion: $8,900

Game dynamics:

Coryat scores:

Maureen Laura Matt
-$2,600 $8,600 $9,400
8 R,
5 W
15 R
(including 1 DD),
7 W
(including 1 DD)
13 R,
5 W
(including 1 DD)

Combined Coryat: $15,400

[game clues] [game scores] [suggest correction]

Game tape date: 2022-01-12
The J! Archive is created by fans, for fans. Scraping, republication, monetization, and malicious use prohibited; this site may use cookies and collect identifying information. See terms. The Jeopardy! game show and all elements thereof, including but not limited to copyright and trademark thereto, are the property of Jeopardy Productions, Inc. and are protected under law. This website is not affiliated with, sponsored by, or operated by Jeopardy Productions, Inc. Join the discussion at JBoard.tv.